000146843 001__ 146843
000146843 005__ 20241126113444.0
000146843 037__ $$aTAZ-TFG-2022-4611
000146843 041__ $$aspa
000146843 1001_ $$aFortea Ferra, Laura
000146843 24200 $$aDesign of heat recovery in a chemical looping combustion system using biomass as fuel and CO2 capture.
000146843 24500 $$aDiseño de la recuperación de calor en un sistema de combustión con transportadores de oxígeno utilizando biomasa como combustible y captura de CO2.
000146843 260__ $$aZaragoza$$bUniversidad de Zaragoza$$c2022
000146843 506__ $$aby-nc-sa$$bCreative Commons$$c3.0$$uhttp://creativecommons.org/licenses/by-nc-sa/3.0/
000146843 520__ $$aEn este trabajo de fin de grado se estudia la integración de una caldera de biomasa con recuperación de dióxido de carbono. Esto se hara mediante dos reactores, uno de aire y otro de combustible, comunicados por un óxido metálico actuando como transportador de oxígeno. Para este análisis se dimensionarán los reactores y se estudiará la viabilidad de la incorporación de equipos para el aprovechamiento de la energía producida. También se elegirá la biomasa y el transportador de oxígeno dependiendo de sus características. En su totalidad, se obtendrá información de los estados termodinámicos y flujos másicos en todos los puntos de la instalación. También se obtendrá la cantidad de dióxido de carbono producido y la potencia neta de esta instalación. Con está última se estudiará el rendimiento de la instalación. <br /><br />
000146843 521__ $$aGraduado en Ingeniería Mecánica
000146843 540__ $$aDerechos regulados por licencia Creative Commons
000146843 700__ $$aRomeo Giménez, Luis Miguel$$edir.
000146843 7102_ $$aUniversidad de Zaragoza$$bIngeniería Mecánica$$cMáquinas y Motores Térmicos
000146843 8560_ $$f759831@unizar.es
000146843 8564_ $$s880637$$uhttps://zaguan.unizar.es/record/146843/files/TAZ-TFG-2022-4611.pdf$$yMemoria (spa)
000146843 909CO $$ooai:zaguan.unizar.es:146843$$pdriver$$ptrabajos-fin-grado
000146843 950__ $$a
000146843 951__ $$adeposita:2024-11-26
000146843 980__ $$aTAZ$$bTFG$$cEINA
000146843 999__ $$a20221125162743.CREATION_DATE